| 000 | 00828nas a2200289 4500 | ||
|---|---|---|---|
| 001 | BR9505634 | ||
| 003 | BR-BrBNA | ||
| 005 | 20231205094443.0 | ||
| 007 | ta | ||
| 008 | 230509b bl.|||p| |||| 00| 00por d | ||
| 040 |
_aBR-BrBNA _bpor _cBiblioteca Nacional de Agricultura |
||
| 041 | _a(Pt) | ||
| 072 | _aH10 | ||
| 100 | 1 | _aSales, F.J.M. de | |
| 100 | 1 | _aLima, P.J.B.F. | |
| 100 | 1 | _aPinto, G. de L. | |
| 245 | 1 | _aControle quimico do acaro do bronzeamento, Aculops lycopersici (Massee, 1937), em tomateiro. | |
| 650 | _aTomate | ||
| 650 | _aAcaro | ||
| 650 | _aBronzeamento | ||
| 650 | _aAcaricida | ||
| 650 | _aControle Quimico | ||
| 650 | _aCeara | ||
| 773 | 0 |
_tCiencia Agronomica (Brazil) _x _g(Dec 1973), v. 3(1-2) p. 107-112 _wBR9505634 |
|
| 909 |
_a202311 _bLúcia _c55 _dLúcia Elande |
||
| 942 |
_2AGRIS _n0 _cANA |
||
| 999 |
_c144420 _d144420 |
||